000 00560nam a22001817a 4500
005 20260523131836.0
008 260523b |||||||| |||| 00| 0 eng d
020 _a9789360281311
_c895.00
040 _aMAIN
041 _aEnglish
082 _a363.34
_bMAK
100 _aNautiyal, Anoop (ed)
_926898
245 _aMaking Molehills of Mountains
_b: Demystifying Disasters in Devbhumi Uttarakhand
260 _aDehradun
_bBishan Singh Mahindra Pal Singh 2
_c2024
300 _a170
650 _aUttarakhand Collection : Himalaya Collection
_913
942 _cBK
999 _c60871
_d60871